| 000 | 00591nam a2200181Ia 4500 | ||
|---|---|---|---|
| 003 | GCL | ||
| 008 | 140319s9999 xx 000 0 ara d | ||
| 040 |
_aGCL / _cGCL |
||
| 082 | 0 | 4 |
_a822.008 _bم ذ |
| 100 | 1 | _aميللر, ارثر | |
| 245 | 1 | 0 |
_aذكرى يومى اثنين / _cميللر, ارثر |
| 700 | 1 | _aميخائيل رومان (مترجم) | |
| 300 | _a64 ص | ||
| 490 |
_aمختارات الاذاعة والتلفزيون _v0 |
||
| 650 | 0 | 4 | _aالادب الامريكى المترجم |
| 650 | 0 | 4 | _aالمسرحيات الامريكية المترجمة |
| 942 |
_2ddc _cBK |
||
| 999 |
_c47612 _d47612 |
||